000 00343nam a2200133Ia 4500
008 220530s9999 xx 000 0 und d
020 _a9789380704685
040 _aeng
100 _aPUSHPA
_960677
245 _aFLORENCE NIGHTINGALE
250 _aFIRST
260 _aNAGPUR
_bJAYPEE PUBLICATION,NAGPUR
_c2010
650 _aNURSING FOUNDATION
_960678
999 _c2230
_d2230